Atlas histórico multimedia (Record no. 86312)

MARC details
000 -LEADER
campo de control de longitud fija 00929nam a2200181 i 4500
001 - NÚMERO DE CONTROL
campo de control 86312
003 - IDENTIFICADOR DE NÚMERO DE CONTROL
campo de control ES-MaACL
007 - CAMPO FIJO DE DESCRIPCIÓN FÍSICA--INFORMACIÓN GENERAL
campo de control de longitud fija t|
008 - DATOS DE LONGITUD FIJA--INFORMACIÓN GENERAL
campo de control de longitud fija 041223s1999 sp ||||1| spa d
080 ## - NÚMERO DE LA CLASIFICACIÓN DECIMAL UNIVERSAL
Número de la Clasificación Decimal Universal 940.55(084.42)
245 00 - MENCIÓN DEL TÍTULO
Título Atlas histórico multimedia
Resto del título : . Vol. 6, El mundo contemporáneo [
Medio Recurso electrónico].
260 ## - PUBLICACIÓN, DISTRIBUCIÓN, ETC.
Lugar de publicación, distribución, etc. [Madrid?] :
Nombre del editor, distribuidor, etc. Mediasat España,
Fecha de publicación, distribución, etc. [1999]
300 ## - DESCRIPCIÓN FÍSICA
Extensión 1 disco compacto (CD-ROM) ;
Dimensiones 12 cm.
500 ## - NOTA GENERAL
Nota general Requisitos del sistema: Pentium, 32 Mb de RAM, Windows 3.1/Windows 95, Lector de CD-ROM 4x, Gráficos 800x600-65.000 colores, Tarjeta de sonido.
505 8# - NOTA DE CONTENIDO CON FORMATO
Nota de contenido con formato Contiene: La Guerra fría - Revoluciones y guerras de independencia en Asia - La independencia de Africa - Los conflictos de Oriente Medio - América Latina, entre dictaduras y democracias - La caída del muro de Berlín - El nuevo milenio
650 14 - PUNTO DE ACCESO ADICIONAL DE MATERIA--TÉRMINO DE MATERIA
Término de materia o nombre geográfico como elemento de entrada Historia contemporánea-
Subdivisión de forma Atlas - CD-ROM.
9 (RLIN) 13394
852 ## - LOCALIZACIÓN
Ubicación ES-MaACL
Número de control de estantería ROT 1/4/6
Holdings
Estatus retirado Estado de pérdida Estado de daño No para préstamo Biblioteca de origen Biblioteca actual Ubicación en estantería Fecha de adquisición Fuente de adquisición Total de préstamos Signatura topográfica completa Código de barras Visto por última vez Precio de reemplazo Tipo de ítem Koha
        Biblioteca del Ateneo de Madrid Biblioteca del Ateneo de Madrid Depósito 17/01/2008     ROT 1/4/6 1090181 23/02/2023 23/02/2023 Archivo de ordenador en CD-ROM, CD o disquete